000 00862nam a2200229Ia 4500
003 GCL
005 20240530110551.0
008 140319s2004 ua ah f b 000 0 ara d
017 _a2004/5176
_bمصر . دار الكتب المصرية
020 _a977171341
040 _aGCL /
_cGCL
082 0 4 _a929.62
_bق/ع ق
_221
100 0 _aعلاءالدين احمد عبدالمجيد
245 1 2 _aالقبائل العربية فى مصر نهاية القرن العشرين /
_cعلاءالدين احمد عبدالمجيد
250 _aط. 1
260 _aالقاهرة :
_bالمؤلف ،
_c2004 .
300 _a191 ص. :
_bصور ، جداول ؛
_c24 سم.
504 _aيشتمل على ارجاعات ببليوجرافية
650 0 4 _aالقبائل العربية
650 0 4 _aالقبائل العربية - مصر
942 _2ddc
_cBK
999 _c62460
_d62460